01385nam a22002657a 45000010005000000030006000050050017000110080041000280200018000690400029000870500019001160820008001351000022001432450042001652500047002072600050002543000043003044900025003475050009003725200602003815210030009835210020010136500046010337000040010799494FISKH20260115094454.0260115b cb ||||| |||| 00| 0 eng d a9780194789226 aFISKHbengcFISKHdFISKH aPE1126.A4 A445 a428 aAkinyemi , Rowena aUnder the moon / cBy Rowena Akinyemi aThis edition@ Oxford University Press 2008 aOxford : bOxford University Press , c2008 . a56 pages : billustrations ;c19 cm .  aOxford Bookworms v1 aK  aIt is the year 2522, and the planet Earth is dying. The Artificial Ozone Layer is only 300 years old, but it is breaking up fast. Now the sun is burning down on Earth with a white fire. There is no water. Without water, nothing can live. Trees die, plants die, animals die, people die... In a colony under the moon, people wait for news - news from home, news from the planet Earth. And in a spaceship high above Earth, a young man watches numbers on a computer screen. The numbers tell a story, and the young man is afraid. The planet Earth is burning, burning, burning... - Back cover. show less8 a510 bLexile estimate 8 aK bRaz-Plus  aListening and Read AlongvScience fiction aBassett , Jennifer eSeries Editor